Hosting the World Cup (Record no. 106472)

MARC details
000 -LEADER
fixed length control field 01313cam a2200253 4500
001 - CONTROL NUMBER
control field L136678
008 - FIXED-LENGTH DATA ELEMENTS--GENERAL INFORMATION
fixed length control field 070215n2007 000 0 eng u
020 ## - INTERNATIONAL STANDARD BOOK NUMBER
International Standard Book Number 9781845321819
035 ## - SYSTEM CONTROL NUMBER
System control number (Sirsi) u136678
041 0# - LANGUAGE CODE
Language code of text/sound track or separate title eng
050 ## - LIBRARY OF CONGRESS CALL NUMBER
Classification number 711.558 $2 18
110 1# - MAIN ENTRY--CORPORATE NAME
Corporate name or jurisdiction name as entry element United Kingdom
Subordinate unit HM Treasury
245 00 - TITLE STATEMENT
Title Hosting the World Cup
Remainder of title a feasibility study
Medium [electronic resource]
260 ## - PUBLICATION, DISTRIBUTION, ETC.
Place of publication, distribution, etc. London
Name of publisher, distributor, etc. TSO
Date of publication, distribution, etc. 2007
505 2# - FORMATTED CONTENTS NOTE
Formatted contents note Successful bidding for major sporting events -- Key elements of a World Cup bid -- Managing a World Cup bid -- Public support for a bid.
520 ## - SUMMARY, ETC.
Summary, etc. Suggests that England is well-placed to host the football World Cup in 2018 and has strong public support. Sets out the strengths that underline England's readiness to host a future World Cup, and the issues which would need to be resolved by The FA as part of their deliberations on whether to launch a bid.
590 ## - LOCAL NOTE (RLIN)
Local note KA
650 24 - SUBJECT ADDED ENTRY--TOPICAL TERM
Topical term or geographic name entry element FIFA WORLD CUP 2018
651 #4 - SUBJECT ADDED ENTRY--GEOGRAPHIC NAME
Geographic name England
Chronological subdivision 886-
690 ## - LOCAL SUBJECT ADDED ENTRY--TOPICAL TERM (OCLC, RLIN)
Topical term or geographic name as entry element PROPERTY-COMMERCIAL PROPERTY-LEISURE PROPERTY-SPORTS PROPERTY
710 1# - ADDED ENTRY--CORPORATE NAME
Corporate name or jurisdiction name as entry element United Kingdom
Subordinate unit Department for Culture, Media and Sport
856 40 - ELECTRONIC LOCATION AND ACCESS
Uniform Resource Identifier <a href="https://www.hm-treasury.gov.uk/documents/international_issues/world_cup_feasibility/world_cup_index.cfm">https://www.hm-treasury.gov.uk/documents/international_issues/world_cup_feasibility/world_cup_index.cfm</a>
Public note View the study free of charge at www.hm-treasury.gov.uk...
942 ## - ADDED ENTRY ELEMENTS (KOHA)
Suppress in OPAC 0
Holdings
Withdrawn status Lost status Source of classification or shelving scheme Damaged status Not for loan Home library Current library Shelving location Date acquired Total Checkouts Full call number Barcode Date last seen Copy number Price effective from Koha item type
    Dewey Decimal Classification     Virtual Virtual Online 15/02/2007   ONLINE PUBLICATION 136678-1001 06/08/2019 1 06/08/2019 Book